| 000 | 01201cam a22002295a 4500 | ||
|---|---|---|---|
| 001 | L146583 | ||
| 008 | 090205s2008 xxkad f 000 0 eng d | ||
| 035 | _a(Sirsi) u146583 | ||
| 041 | 0 | _aeng | |
| 050 | 0 | 4 | _a381.1 $2 21 |
| 110 | 2 |
_aEstates Gazette _9298 |
|
| 245 | 0 | 0 | _aCentre retailing |
| 260 |
_aLondon _bEG _c2008 |
||
| 300 |
_a163p. _bill. _c30cm. |
||
| 505 | 2 | _aForeword ? Features ? Research ? Reference ? Retail directory ? Shopping centre directory | |
| 520 | _aProvides a reference point for those involved in shopping centres. Features section includes articles on a range of issues from diversification to sustainability to investment and agencies. Research reports on asset management, results of a sustainability survey and case study reports on Turkey and the Ukraine. Reference section provides snapshots of the shopping centre scene in a number of European countries. Contains a retail directory of agents and services and a directory of shopping centres in the UK and Europe, arranged on a country-by-country basis. | ||
| 521 | 2 | 0 | _aIntroductory |
| 590 | _aKA | ||
| 651 | 4 | _aInternational | |
| 690 | _aPROPERTY-COMMERCIAL PROPERTY-COMMERCIAL PROPERTY MARKET | ||
| 942 | _n0 | ||
| 999 |
_c109229 _d109229 |
||